Cliquez sur le gardien du PSG ayant joué le match - (25/26) - Statistiques

Statistiques générales
  • Ce quiz a été pris 65 fois
    7 depuis la dernière actualisation
  • Le résultat moyen est 44 sur 55
Statistiques - réponses
Hint Réponse % Correct
PSG 4-0 Atalanta Chevalier
100%
OM 1-0 PSG Chevalier
100%
Barca 1-2 PSG Chevalier
100%
Leverkusen 2-7 PSG Chevalier
100%
PSG 5-3 Tottenham Chevalier
100%
Monaco 1-0 PSG Chevalier
100%
Monaco 2-3 PSG Safonov
100%
PSG 3-0 Metz Safonov
100%
PSG 2-2 Monaco Safonov
100%
Le Havre 0-1 PSG Safonov
100%
PSG 1-3 Monaco Safonov
100%
PSG 5-2 Chelsea Safonov
100%
Chelsea 0-3 PSG Safonov
100%
Nice 0-4 PSG Safonov
100%
PSG 3-1 Toulouse Safonov
100%
PSG 2-0 Liverpool Safonov
100%
Liverpool 0-2 PSG Safonov
100%
PSG 1-2 OL Safonov
100%
PSG 3-0 Nantes Safonov
100%
Angers 0-3 PSG Safonov
100%
PSG 5-4 Bayern Safonov
100%
PSG 2(4)-(3)2 Tottenham Chevalier
86%
PSG 1-0 Angers Chevalier
86%
Toulouse 3-6 PSG
Chevalier
86%
PSG 2-0 Auxerre Chevalier
86%
LOSC 1-1 PSG Chevalier
86%
Brest 0-3 PSG Chevalier
86%
Lorient 1-1 PSG Chevalier
86%
PSG 1-0 Nice Chevalier
86%
Sporting 2-1 PSG Chevalier
86%
Auxerre 0-1 PSG Chevalier
86%
Metz 2-3 PSG Safonov
86%
PSG 1(2)-(1)1 Flamengo Safonov
86%
Rennes 3-1 PSG Safonov
86%
Bayern 1-1 PSG Safonov
86%
Paris FC 2-1 PSG Safonov
86%
PSG 3-3 Strasbourg Chevalier
71%
PSG 1-2 Bayern Chevalier
71%
OL 2-3 PSG Chevalier
71%
PSG 3-0 Le Havre Chevalier
71%
PSG 2(4)-(1)2 OM Chevalier
71%
PSG 3-0 Lille Chevalier
71%
Strasbourg 1-2 PSG Safonov
71%
PSG 5-0 OM Safonov
71%
Nantes 0-1 PSG Chevalier
57%
PSG 0-1 Paris FC Chevalier
57%
Bilbao 0-0 PSG Safonov
57%
Lens 0-2 PSG Safonov
57%
PSG 2-0 Lens Chevalier
43%
PSG 2-1 Paris FC Chevalier
43%
PSG 1-0 Brest Renato Marin
43%
Fontenay 0-4 PSG Renato Marin
14%
PSG 1-1 Lorient Renato Marin
14%
PSG 5-0 Rennes Safonov
14%
PSG 1-1 Newcastle Safonov
0%
Aucun quiz correspondant
Distribution des résultats
% des personnes avec chaque résultat
Percentile par nombre de réponses
Votre historique - résultats
Vous n’avez pas pris ce quiz depuis la dernière actualisation